Pays plus grand que la France - Statistiques

Statistiques générales
  • Ce quiz a été pris 306 fois
  • Le résultat moyen est 31 sur 40
Statistiques - réponses
Rang Taille en km2 Réponse % Correct
1 17 098 246 Russie
100%
5 8 515 767 Bresil
97%
4 9 600 000 Chine
97%
3 9 833 517 États unis
97%
6 7 692 024 Australie
96%
2 9 984 670 Canada
96%
10 2 381 741 Algerie
95%
8 2 780 400 Argentine
95%
7 3 287 263 Inde
94%
14 1 964 375 Mexique
91%
25 1 221 037 Afrique du sud
88%
11 2 344 858 République démocratique du congo
88%
19 1 564 116 Mongolie
87%
30 1 002 000 Egypte
85%
13 2 206 714 Arabie saoudite
84%
38 756 102 Chili
83%
9 2 724 902 Kazakhstan
81%
26 1 141 748 Colombie
80%
18 1 628 750 Iran
79%
37 780 004 Turquie
78%
36 796 085 Pakistan
77%
16 1 861 484 Soudan
77%
22 1 267 000 Niger
76%
20 1 285 216 Perou
76%
15 1 010 931 Indonésie
75%
17 1 676 198 Libye
75%
24 1 240 192 Mali
73%
21 1 284 000 Tchad
70%
33 912 050 Venezuela
70%
32 923 768 Nigeria
69%
28 1 098 581 Bolivie
67%
27 1 104 300 Ethiopie
66%
29 1 030 700 Mauritanie
62%
31 947 303 Tanzanie
62%
34 834 116 Namibie
61%
23 1 246 700 Angola
60%
12 2 210 573 Danemark
56%
35 799 380 Mozambique
55%
39 752 612 Zambie
47%
40 676 553 Birmanie
38%
Aucun quiz correspondant
Distribution des résultats
% des personnes avec chaque résultat
Percentile par nombre de réponses
Votre historique - résultats
Vous n’avez pas pris ce quiz